[Event "FB1 2122 SC Bad Königshofen 1957 - SV "]
[Site "?"]
[Date "2022.05.22"]
[Round "2.3"]
[White "Schulz, Petra"]
[Black "Obolentseva, Alexandra"]
[Result "0-1"]
[WhiteElo "1996"]
[BlackElo "2305"]
[PlyCount "54"]
[EventDate "2022.??.??"]

1. e4 c5 2. Nf3 d6 3. Bb5+ Nd7 4. O-O a6 5. Bxd7+ Bxd7 6. d4 cxd4 7. Qxd4 Nf6
8. Bg5 Bc6 9. Bxf6 gxf6 10. Nc3 e6 11. Rad1 Be7 12. Nd2 Qc7 13. Nc4 Rd8 14. Ne3
Rg8 15. f4 Qa5 16. Rf3 d5 17. exd5 Bc5 18. Qe4 Bxd5 19. Qxh7 Rg6 20. Ncxd5 Rxd5
21. Qh8+ Ke7 22. Kf1 Bxe3 23. Rxd5 Qxd5 24. Rxe3 Qxg2+ 25. Ke1 Qg1+ 26. Kd2
Rg2+ 27. Kd3 Qd1+ 0-1

[Event "FB1 2122 SC Bad Königshofen 1957 - SV "]
[Site "?"]
[Date "2022.05.22"]
[Round "2.4"]
[White "Dordzhieva, Dinara"]
[Black "Daemering, Katrin"]
[Result "1-0"]
[WhiteElo "2287"]
[BlackElo "1966"]
[PlyCount "63"]
[EventDate "2022.??.??"]

1. d4 d6 2. Nf3 g6 3. c4 Bg7 4. g3 Nc6 5. Bg2 e5 6. Bg5 f6 7. Be3 e4 8. Nfd2 f5
9. Nb3 h6 10. Nc3 Nf6 11. f3 Qe7 12. fxe4 fxe4 13. h3 Bd7 14. Qd2 O-O-O 15.
O-O-O a6 16. g4 Rde8 17. Kb1 Qf7 18. Rc1 g5 19. Ka1 Rhf8 20. Nb1 d5 21. Nc5 Rd8
22. Rhd1 Be8 23. cxd5 Nxd5 24. Rf1 Qe7 25. Rxf8 Bxf8 26. Bxe4 Nxe3 27. Qxe3 Kb8
28. Qb3 Na5 29. Qb4 Qxe4 30. Nxa6+ Ka7 31. Qxa5 Bc6 32. Nc5+ 1-0

[Event "FB1 2122 SC Bad Königshofen 1957 - SV "]
[Site "?"]
[Date "2022.05.22"]
[Round "2.5"]
[White "Kunze, Kerstin"]
[Black "Schoene, Maria"]
[Result "0-1"]
[WhiteElo "2027"]
[BlackElo "2222"]
[PlyCount "102"]
[EventDate "2022.??.??"]

1. e4 c5 2. Nf3 d6 3. d4 cxd4 4. Qxd4 Nc6 5. Qd3 g6 6. Be2 Bg7 7. Nc3 Nf6 8. h3
O-O 9. Be3 Bd7 10. O-O Rc8 11. Rac1 Nb4 12. Qd2 Rxc3 13. Qxc3 Nxa2 14. Qb3 Nxc1
15. Rxc1 Qb8 16. Bd3 Bc6 17. Qb4 a5 18. Qxa5 Nxe4 19. Nd4 Nf6 20. c4 Be4 21.
Be2 Nd7 22. f3 Bc6 23. b4 e5 24. Nb5 b6 25. Qa6 Rd8 26. Rd1 Bf8 27. Bg5 Re8 28.
Be3 Be7 29. Bf1 Rd8 30. Be2 Bb7 31. Qa2 d5 32. cxd5 Bxb4 33. Bc4 Bc5 34. Bxc5
bxc5 35. d6 Rf8 36. Nc7 Bc6 37. Rb1 Qd8 38. Qa3 Qh4 39. Qc3 Qd4+ 40. Qxd4 exd4
41. Re1 Nb6 42. Bb5 Bxb5 43. Nxb5 Rd8 44. Kf2 Kg7 45. Rc1 Nd7 46. Ke2 Rb8 47.
Na3 Rb2+ 48. Rc2 Rxc2+ 49. Nxc2 Kf6 50. Na3 Nb6 51. Nb5 Ke6 0-1

[Event "FB1 2122 SC Bad Königshofen 1957 - SV "]
[Site "?"]
[Date "2022.05.22"]
[Round "2.6"]
[White "Gvanceladze, Anna"]
[Black "Just, Anita"]
[Result "1-0"]
[WhiteElo "2203"]
[BlackElo "1895"]
[PlyCount "127"]
[EventDate "2022.??.??"]

1. d4 e6 2. Nf3 f5 3. c4 Nf6 4. Nc3 Bb4 5. g3 O-O 6. Bg2 d6 7. O-O Bxc3 8. bxc3
Qe8 9. Ba3 Nbd7 10. Rb1 Ne4 11. Qd3 Qh5 12. Nd2 Nxd2 13. Qxd2 Rb8 14. e4 fxe4
15. Bxe4 Nf6 16. Bg2 b6 17. Qd1 Qg6 18. Re1 Bd7 19. c5 dxc5 20. dxc5 Rfe8 21.
c6 Bc8 22. Rb2 e5 23. Qa4 a5 24. c4 Qg4 25. h3 Qh5 26. g4 Qg6 27. c5 h5 28.
cxb6 hxg4 29. hxg4 Bxg4 30. Qb3+ Be6 31. Qg3 Qxg3 32. fxg3 Rxb6 33. Rxb6 cxb6
34. Rxe5 Kf7 35. Rb5 Bc4 36. Rxb6 Re1+ 37. Kh2 Ng4+ 38. Kh3 Be6 39. c7 Nf2+ 40.
Kh4 g5+ 41. Kxg5 Re5+ 42. Kf4 Nd3+ 43. Kf3 Ne1+ 44. Kf2 Bg4 45. Bf1 Re4 46. Rb8
Ra4 47. Kxe1 Rxa3 48. c8=Q Bxc8 49. Rxc8 Rxg3 50. Kd2 Ke7 51. Kc2 Kd7 52. Rc5
Rf3 53. Bc4 Rf4 54. Kb3 a4+ 55. Kxa4 Kd6 56. Kb4 Rf8 57. Rh5 Rb8+ 58. Bb5 Rf8
59. a4 Rf4+ 60. Bc4 Kc7 61. Kc5 Rf8 62. a5 Kb8 63. Rh7 Rf5+ 64. Bd5 1-0

[Event "FB1 2122 SK Schwäbisch Hall - SG 1871 "]
[Site "?"]
[Date "2022.05.22"]
[Round "2.1"]
[White "Rogule, Laura"]
[Black "Batsiashvili, Nino"]
[Result "0-1"]
[WhiteElo "2297"]
[BlackElo "2463"]
[PlyCount "72"]
[EventDate "2022.??.??"]

1. Nf3 d5 2. e3 Nf6 3. c4 g6 4. b3 Bg7 5. Bb2 c6 6. Be2 O-O 7. O-O Bg4 8. d3
Bxf3 9. Bxf3 Re8 10. cxd5 Nxd5 11. Bxg7 Kxg7 12. d4 Nd7 13. e4 Nf4 14. g3 Ne6
15. d5 cxd5 16. exd5 Nef8 17. d6 Qb6 18. dxe7 Rxe7 19. Nc3 Nf6 20. Na4 Qa5 21.
Qd6 Rae8 22. Nc5 b6 23. b4 Qa3 24. Nb3 Rd7 25. Qf4 Ne6 26. Qc4 Rc7 27. Qb5 Rd8
28. Rfd1 Rxd1+ 29. Rxd1 Rc3 30. Kg2 Qb2 31. Qf1 a5 32. bxa5 bxa5 33. Be2 a4 34.
Na5 Nd4 35. Re1 Qb4 36. Nc4 Nxe2 0-1

[Event "FB1 2122 SK Schwäbisch Hall - SG 1871 "]
[Site "?"]
[Date "2022.05.22"]
[Round "2.2"]
[White "Javakhishvili, Lela"]
[Black "Berzina, Ilze"]
[Result "1-0"]
[WhiteElo "2480"]
[BlackElo "2180"]
[PlyCount "111"]
[EventDate "2022.??.??"]

1. d4 d5 2. c4 c6 3. Nf3 Nf6 4. Qb3 e6 5. Bg5 Be7 6. Nc3 O-O 7. e3 a6 8. Rc1 b5
9. cxd5 cxd5 10. Bd3 Bb7 11. a4 b4 12. Bxf6 gxf6 13. Ne2 Nc6 14. Bb1 e5 15.
dxe5 fxe5 16. Rxc6 Bxc6 17. Nxe5 Be8 18. O-O Qd6 19. f4 f5 20. Rd1 Rd8 21. Nd4
Bd7 22. Qd3 Bf6 23. Nxf5 Bxf5 24. Qxf5 Qc7 25. Nc6 Rd6 26. Nxb4 Bxb2 27. Qg4+
Kh8 28. Qe2 Qg7 29. Nxd5 Rfd8 30. e4 Bd4+ 31. Kh1 Rh6 32. Qf3 Rh4 33. g3 Rh3
34. Qg2 Rh5 35. e5 Ba7 36. Be4 Rh6 37. Rc1 Qd7 38. Qe2 Qh3 39. Qg2 Rc8 40.
Rxc8+ Qxc8 41. h4 Rc6 42. Kh2 Rc1 43. f5 Qc4 44. e6 Re1 45. Qb2+ Qd4 46. Qxd4+
Bxd4 47. Bd3 Bc5 48. Kh3 Re5 49. Nf4 Be7 50. Kg4 Ra5 51. Bc2 Rc5 52. Bb3 Rc3
53. Bd5 a5 54. Nh5 Rd3 55. f6 Rd4+ 56. Kf3 1-0

[Event "FB1 2122 SK Schwäbisch Hall - SG 1871 "]
[Site "?"]
[Date "2022.05.22"]
[Round "2.3"]
[White "Otikova, Elina"]
[Black "Arabidze, Meri"]
[Result "0-1"]
[WhiteElo "2090"]
[BlackElo "2436"]
[PlyCount "124"]
[EventDate "2022.??.??"]

1. e4 c5 2. Nf3 e6 3. d4 cxd4 4. Nxd4 Nc6 5. Nc3 Qc7 6. Be3 a6 7. Bd3 Nf6 8.
O-O b5 9. Nxc6 Qxc6 10. f3 b4 11. Ne2 Bc5 12. Qd2 O-O 13. Kh1 a5 14. Bg5 Ne8
15. e5 Ra7 16. Qf4 Ba6 17. Be4 d5 18. exd6 Qxd6 19. Qh4 h6 20. Rfd1 Qe5 21. Bf4
Qxb2 22. Ng3 f5 23. Bc6 Qf6 24. Qh3 Bc4 25. Nh5 Qg6 26. Be5 Nf6 27. Nf4 Qf7 28.
Nd3 Bxd3 29. Rxd3 Rc8 30. Ba4 Nd5 31. Rad1 Be7 32. Bb3 a4 33. Bxd5 exd5 34.
R3d2 Ra5 35. f4 d4 36. Rxd4 Rxc2 37. Qd3 Rac5 38. Rxb4 Rxa2 39. Rb2 Rxb2 40.
Bxb2 Qb3 41. Qxb3+ axb3 42. g3 Rb5 43. Kg2 Kf7 44. Kf3 Bf6 45. Rb1 Bxb2 46.
Rxb2 Ke6 47. Ke3 Kd5 48. Kd3 Rb7 49. h3 h5 50. Rd2 b2 51. Kc2+ Ke4 52. Kb1 h4
53. gxh4 Kxf4 54. h5 Ke3 55. Rd6 f4 56. h6 gxh6 57. Rxh6 f3 58. Re6+ Kd2 59. h4
f2 60. Rd6+ Ke2 61. Re6+ Kf1 62. h5 Rf7 0-1

[Event "FB1 2122 SK Schwäbisch Hall - SG 1871 "]
[Site "?"]
[Date "2022.05.22"]
[Round "2.4"]
[White "Atalik, Ekaterina"]
[Black "Naumann, Nadine"]
[Result "1-0"]
[WhiteElo "2414"]
[BlackElo "1951"]
[PlyCount "61"]
[EventDate "2022.??.??"]

1. Nf3 c6 2. c4 d5 3. e3 e6 4. Nc3 Bd6 5. b3 Nd7 6. Bb2 f6 7. d4 f5 8. Bd3 Ngf6
9. O-O O-O 10. cxd5 Nxd5 11. Re1 Bb4 12. Qc2 Bxc3 13. Bxc3 Nxc3 14. Qxc3 Qf6
15. a4 Nb6 16. Ne5 Nd5 17. Qc5 a5 18. Bc4 Ne7 19. Qd6 Ng6 20. Nf3 Kh8 21. h4
Rd8 22. Qg3 Bd7 23. h5 Nf8 24. e4 Be8 25. exf5 exf5 26. Qh3 f4 27. Re4 c5 28.
Qg4 Bc6 29. Rxf4 Bxf3 30. Qxf3 Qb6 31. dxc5 1-0

[Event "FB1 2122 SK Schwäbisch Hall - SG 1871 "]
[Site "?"]
[Date "2022.05.22"]
[Round "2.5"]
[White "Giebel, Christine"]
[Black "Daulyte-Cornette, Deimante"]
[Result "1/2-1/2"]
[WhiteElo "1833"]
[BlackElo "2372"]
[PlyCount "99"]
[EventDate "2022.??.??"]

1. e4 c5 2. c3 d5 3. e5 Nc6 4. Bb5 Bd7 5. Bxc6 Bxc6 6. d4 e6 7. Nf3 b6 8. O-O
Ne7 9. a4 Nf5 10. Na3 Be7 11. Nc2 O-O 12. Ne3 Nxe3 13. Bxe3 a5 14. g3 Qd7 15.
h4 f5 16. Ng5 cxd4 17. cxd4 Rab8 18. b3 b5 19. Bd2 bxa4 20. bxa4 Bb4 21. Bxb4
Rxb4 22. Qd2 h6 23. Nh3 Qa7 24. Nf4 Re8 25. Rfc1 Qb6 26. Rc5 Bxa4 27. Rac1 Bd7
28. h5 a4 29. Qc3 Rb3 30. Qa5 Qxa5 31. Rxa5 Rb7 32. Rc3 Reb8 33. Kg2 Kf7 34.
Ra6 Ke7 35. Ng6+ Kf7 36. Nf4 Rb6 37. Ra7 R8b7 38. Ra8 Rb8 39. Ra7 R6b7 40. Ra6
Rb3 41. Rc7 Ke8 42. Nxe6 R3b6 43. Rxb6 Rxb6 44. Nc5 Bc6 45. Rxg7 Rb4 46. Rc7
Bb5 47. Nb7 Bd7 48. Nc5 Bb5 49. Nb7 Bd7 50. Nc5 1/2-1/2

[Event "FB1 2122 SK Schwäbisch Hall - SG 1871 "]
[Site "?"]
[Date "2022.05.22"]
[Round "2.6"]
[White "Bulmaga, Irina"]
[Black "Schuster, Rebekka"]
[Result "1-0"]
[WhiteElo "2397"]
[BlackElo "1830"]
[PlyCount "79"]
[EventDate "2022.??.??"]

1. e4 e6 2. d4 d5 3. Nc3 Nf6 4. Bg5 Be7 5. e5 Nfd7 6. Bxe7 Qxe7 7. f4 O-O 8.
Nf3 f6 9. Bd3 a6 10. O-O c5 11. dxc5 Nxc5 12. exf6 Qxf6 13. Ne5 Nc6 14. Qe2 Nb4
15. Rae1 Nbxd3 16. cxd3 b5 17. Qe3 Nb7 18. Ne2 Nd6 19. Nd4 Nf5 20. Nxf5 exf5
21. Qd4 Qd6 22. Rc1 Bd7 23. Rc5 Rac8 24. Rfc1 Rxc5 25. Rxc5 Re8 26. Qc3 Rd8 27.
Rc7 Be8 28. g3 Qf6 29. h4 h6 30. Kf2 g5 31. hxg5 hxg5 32. fxg5 Qxg5 33. Nf3 Qg4
34. Qe1 Qg6 35. Qe7 Rb8 36. Qe5 Rd8 37. Kg2 a5 38. Nh4 Qh6 39. Nxf5 Qd2+ 40.
Kh3 1-0

[Event "FB1 2122 SK Schwäbisch Hall - Hamburge"]
[Site "?"]
[Date "2022.05.26"]
[Round "3.1"]
[White "Socko, Monika"]
[Black "Saduakassova, Dinara"]
[Result "1-0"]
[WhiteElo "2384"]
[BlackElo "2446"]
[PlyCount "131"]
[EventDate "2022.??.??"]

1. d4 Nf6 2. Nf3 e6 3. e3 b6 4. Bd3 c5 5. O-O Be7 6. c4 O-O 7. d5 d6 8. Nc3
exd5 9. cxd5 Bg4 10. h3 Bxf3 11. Qxf3 Nbd7 12. Qe2 g6 13. Bd2 Nh5 14. g4 Ng7
15. f4 f5 16. g5 Rf7 17. Rae1 Bf8 18. Kh2 Qc7 19. b3 Re8 20. Bb5 Ree7 21. Qd3
Nb8 22. a4 Nh5 23. Qc2 Nd7 24. Bd3 Ng7 25. Re2 Nh5 26. Rfe1 Bg7 27. Nb5 Qb8 28.
Qc1 Nf8 29. Rg2 Bh8 30. Qd1 a6 31. Na3 Ra7 32. Qe2 Qb7 33. Rb1 Qxd5 34. Bc4 Qc6
35. Bxf7+ Kxf7 36. Bc3 Bxc3 37. Qc4+ d5 38. Qxc3 Re7 39. Rd1 Qe6 40. Nc2 Qe4
41. Qd3 Qxd3 42. Rxd3 d4 43. Rf2 Re4 44. exd4 Nxf4 45. Re3 Rxe3 46. Nxe3 N4e6
47. d5 Nd4 48. Kg3 Nd7 49. Kf4 Nxb3 50. Nc4 Nd4 51. Rb2 b5 52. axb5 axb5 53.
Nd6+ Ke7 54. Nxb5 Nxb5 55. Rxb5 Kd6 56. Rb7 c4 57. h4 Nc5 58. Rxh7 c3 59. Ke3
f4+ 60. Ke2 f3+ 61. Kd1 Kxd5 62. h5 gxh5 63. g6 Ke6 64. Rf7 Ne4 65. Rxf3 Nf6
66. g7 1-0

[Event "FB1 2122 SK Schwäbisch Hall - Hamburge"]
[Site "?"]
[Date "2022.05.26"]
[Round "3.2"]
[White "Kashlinskaya, Alina"]
[Black "Padmini, Rout"]
[Result "0-1"]
[WhiteElo "2498"]
[BlackElo "2348"]
[PlyCount "158"]
[EventDate "2022.??.??"]

1. d4 Nf6 2. c4 g6 3. Nc3 Bg7 4. e4 d6 5. Be2 O-O 6. Be3 Na6 7. Nf3 c5 8. d5 e6
9. Nd2 exd5 10. cxd5 Nc7 11. a4 b6 12. O-O Rb8 13. Bf4 Re8 14. Re1 a6 15. Bf3
b5 16. axb5 axb5 17. e5 dxe5 18. Rxe5 Rxe5 19. Bxe5 Nfxd5 20. Bxg7 Kxg7 21.
Nxd5 Nxd5 22. Nb3 Be6 23. Nxc5 Nf4 24. g3 Nh3+ 25. Kg2 Ng5 26. h4 Bh3+ 27. Kh2
Nxf3+ 28. Qxf3 Bf5 29. Qf4 Rc8 30. b4 h5 31. Ra6 Qd5 32. Rd6 Qc4 33. Qd4+ Qxd4
34. Rxd4 Ra8 35. Kg2 Ra2 36. Kf3 Bg4+ 37. Kg2 Rb2 38. Rf4 Be2 39. Na6 Rb1 40.
f3 Rb2 41. Kf2 Bd1+ 42. Ke1 Bb3 43. g4 Bc4 44. gxh5 gxh5 45. Rf5 Kg6 46. Rg5+
Kh6 47. Rf5 Kg6 48. Rg5+ Kh6 49. Rf5 Rh2 50. Rf4 Kg6 51. Nb8 Re2+ 52. Kd1 Re6
53. Rd4 Be2+ 54. Kd2 Bxf3 55. Nd7 Kf5 56. Nc5 Re2+ 57. Kc3 Re3+ 58. Kd2 Re7 59.
Nd3 Be4 60. Nc5 Kf4 61. Nd7 f5 62. Rd6 Kg3 63. Nf6 Kxh4 64. Ke3 Kg5 65. Kf2 h4
66. Rb6 Bd3 67. Nd5 Re2+ 68. Kf3 Re5 69. Nf6 Be2+ 70. Kf2 Bc4 71. Nh7+ Kf4 72.
Rh6 Re2+ 73. Kg1 Rb2 74. Rh5 Rxb4 75. Nf6 Rb1+ 76. Kf2 Rb2+ 77. Ke1 Ke3 78. Kd1
Be2+ 79. Kc1 Bxh5 0-1

[Event "FB1 2122 SK Schwäbisch Hall - Hamburge"]
[Site "?"]
[Date "2022.05.26"]
[Round "3.3"]
[White "Gaal, Zsoka"]
[Black "Batsiashvili, Nino"]
[Result "1-0"]
[WhiteElo "2323"]
[BlackElo "2463"]
[PlyCount "113"]
[EventDate "2022.??.??"]

1. Nf3 d5 2. g3 Nf6 3. Bg2 e6 4. d4 Be7 5. O-O O-O 6. c4 dxc4 7. Qc2 b5 8. a4
b4 9. Nfd2 Nd5 10. Nxc4 c5 11. dxc5 Bxc5 12. e4 Nb6 13. Ne3 Bxe3 14. Bxe3 Bb7
15. a5 N6d7 16. Rd1 Qc8 17. Qa4 Nc5 18. Qxb4 Nba6 19. Qb5 Rb8 20. Qe2 Bc6 21.
Nc3 Qb7 22. Bf4 Rbc8 23. Rab1 Nb3 24. Bf1 Nac5 25. a6 Qb6 26. Rd6 Rfd8 27. Rbd1
Rxd6 28. Rxd6 Qb4 29. Qd1 h6 30. Rd8+ Rxd8 31. Qxd8+ Kh7 32. Qb8 Qa5 33. Qxa7
Nd4 34. Qxf7 Nxe4 35. Bxh6 Qe5 36. Bxg7 Qxg7 37. Qxg7+ Kxg7 38. Bg2 Nxc3 39.
bxc3 Nf3+ 40. Bxf3 Bxf3 41. Kf1 Kf6 42. Ke1 Kf5 43. Kd2 e5 44. Ke3 Bc6 45. h3
Ba8 46. a7 Bc6 47. Kd3 Bd5 48. c4 Bc6 49. c5 Be4+ 50. Kc4 Bc6 51. Kb4 Ke4 52.
h4 Kf3 53. h5 Kxf2 54. h6 e4 55. h7 e3 56. h8=Q e2 57. Qe5 1-0

[Event "FB1 2122 SK Schwäbisch Hall - Hamburge"]
[Site "?"]
[Date "2022.05.26"]
[Round "3.4"]
[White "Javakhishvili, Lela"]
[Black "Roebers, Eline"]
[Result "1-0"]
[WhiteElo "2480"]
[BlackElo "2369"]
[PlyCount "61"]
[EventDate "2022.??.??"]

1. d4 Nf6 2. Nf3 g6 3. Bg5 Bg7 4. Nbd2 O-O 5. c3 d6 6. e4 e5 7. Bd3 exd4 8.
cxd4 h6 9. Bh4 Nc6 10. h3 Qe8 11. O-O Nh5 12. Rc1 g5 13. Bg3 Nxg3 14. fxg3 Nxd4
15. Rxc7 Ne6 16. Rc2 Nc5 17. Nc4 Qe6 18. Re1 Kh8 19. b4 Na4 20. e5 dxe5 21.
Ncxe5 Qb6+ 22. Kh2 g4 23. hxg4 Be6 24. g5 Bd5 25. Nd7 Qxb4 26. Nxf8 Rxf8 27.
gxh6 Bc3 28. Rf1 Qg4 29. Bb5 Qh5+ 30. Nh4 Qg5 31. Rf5 1-0

[Event "FB1 2122 SK Schwäbisch Hall - Hamburge"]
[Site "?"]
[Date "2022.05.26"]
[Round "3.5"]
[White "Papp, Sarah"]
[Black "Arabidze, Meri"]
[Result "0-1"]
[WhiteElo "2305"]
[BlackElo "2436"]
[PlyCount "90"]
[EventDate "2022.??.??"]

1. e4 c5 2. Nf3 e6 3. d4 cxd4 4. Nxd4 Nc6 5. Nc3 Qc7 6. Be3 a6 7. Be2 Nf6 8.
O-O Bb4 9. Na4 Be7 10. c4 Nxe4 11. Bf3 Ng5 12. Be2 O-O 13. c5 Rb8 14. Rc1 f5
15. f3 f4 16. Bf2 e5 17. Nb3 d5 18. cxd6 Bxd6 19. Bb6 Qe7 20. Nac5 Kh8 21. Qd5
Bc7 22. Bxc7 Qxc7 23. Nxa6 Qb6+ 24. Kh1 Ra8 25. h4 Nf7 26. Qc5 Qxc5 27. Rxc5
Nfd8 28. Bb5 Ne6 29. Rd5 Ne7 30. Rxe5 bxa6 31. Bc4 Ng6 32. Re4 Nc7 33. h5 Nh4
34. Rd1 Nf5 35. Kh2 Ne3 36. Rxf4 Be6 37. Rxf8+ Rxf8 38. Rc1 Nxc4 39. Nd4 Bf7
40. b3 Nb5 41. Nxb5 axb5 42. bxc4 bxc4 43. Kg3 Rc8 44. Kh4 c3 45. Rc2 Bxa2 0-1

[Event "FB1 2122 SK Schwäbisch Hall - Hamburge"]
[Site "?"]
[Date "2022.05.26"]
[Round "3.6"]
[White "Bulmaga, Irina"]
[Black "Genova, Lyubka"]
[Result "1/2-1/2"]
[WhiteElo "2397"]
[BlackElo "2225"]
[PlyCount "54"]
[EventDate "2022.??.??"]

1. e4 c5 2. Nf3 e6 3. d4 cxd4 4. Nxd4 Nc6 5. Nc3 Qc7 6. g4 d6 7. Be3 Bd7 8. Rg1
a6 9. Qd2 Rc8 10. O-O-O Nxd4 11. Bxd4 b5 12. a3 Ne7 13. f4 Nc6 14. Qf2 Nxd4 15.
Qxd4 Qc5 16. Qxc5 Rxc5 17. Rg3 Be7 18. Rh3 O-O 19. e5 d5 20. Bd3 g6 21. g5 a5
22. Ne2 b4 23. axb4 axb4 24. Nd4 Ra8 25. Nb3 Rc7 26. Kd2 Ra2 27. Rb1 Kg7
1/2-1/2

[Event "FB1 2122 SC Bad Königshofen 1957 - TuR"]
[Site "?"]
[Date "2022.05.26"]
[Round "3.1"]
[White "Unuk, Laura"]
[Black "Osmak, Yuliia"]
[Result "1-0"]
[WhiteElo "2338"]
[BlackElo "2428"]
[PlyCount "125"]
[EventDate "2022.??.??"]

1. d4 d5 2. Nf3 Nf6 3. c4 dxc4 4. e3 e6 5. Bxc4 a6 6. O-O c5 7. b3 b6 8. Ba3
cxd4 9. Bxf8 Kxf8 10. Nxd4 Qe7 11. Nc3 Bb7 12. Rc1 g6 13. Be2 e5 14. Nf3 Kg7
15. Qc2 Nbd7 16. Rfd1 Rac8 17. Qb2 Rhe8 18. Nd2 b5 19. Bf3 Nc5 20. Bxb7 Qxb7
21. Nf3 b4 22. Na4 Nxa4 23. bxa4 Rxc1 24. Rxc1 Qe7 25. a5 e4 26. Nd4 Qe5 27. h3
Qxa5 28. Rc6 Qe5 29. Rxa6 Nd7 30. Ra5 Qf6 31. Ra6 Qe5 32. Ra5 Qf6 33. Qxb4 Ne5
34. Qb5 Re7 35. Ra6 Qg5 36. Qb2 Kh6 37. Qb8 Nf3+ 38. Nxf3 exf3 39. g4 Qc5 40.
Qf4+ Qg5 41. Qxf3 Kg7 42. Qc6 Qe5 43. Qd6 Qa1+ 44. Kg2 Re6 45. Qd3 Rxa6 46.
Qxa6 Qe5 47. Qc4 f6 48. a4 h5 49. Qd4 Qa5 50. Qd7+ Kh6 51. Qc6 Qe5 52. Qa8 f5
53. g5+ Kh7 54. a5 f4 55. exf4 Qxf4 56. Qb7+ Kh8 57. Qc8+ Kh7 58. Qd7+ Kh8 59.
Qd8+ Kh7 60. Qd5 h4 61. a6 Qa4 62. Qb7+ Kh8 63. a7 1-0

[Event "FB1 2122 SC Bad Königshofen 1957 - TuR"]
[Site "?"]
[Date "2022.05.26"]
[Round "3.2"]
[White "Melamed, Tatjana"]
[Black "Antolak, Julia"]
[Result "0-1"]
[WhiteElo "2353"]
[BlackElo "2371"]
[PlyCount "82"]
[EventDate "2022.??.??"]

1. e4 c6 2. d4 d5 3. Nc3 dxe4 4. Nxe4 Bf5 5. Ng3 Bg6 6. Nf3 e6 7. Bc4 Nd7 8.
O-O Bd6 9. Re1 Qc7 10. c3 Ngf6 11. Qe2 O-O 12. Ne5 c5 13. Nxg6 hxg6 14. dxc5
Nxc5 15. Qf3 Nfd7 16. Be3 Ne5 17. Qe2 Ncd7 18. Bb3 Nf6 19. h3 Nc6 20. Nf1 Rfe8
21. Rad1 a6 22. Bg5 Bf4 23. Bxf6 gxf6 24. h4 Kg7 25. g3 Be5 26. h5 g5 27. Kg2
f5 28. Ne3 Bf6 29. Bc2 Ne5 30. f3 Qc6 31. Kf2 Rac8 32. h6+ Kh8 33. g4 Rg8 34.
Rg1 f4 35. Nf1 Qb6+ 36. Kg2 Qxb2 37. Qe4 Rg6 38. Nd2 Rxc3 39. Rc1 Re3 40. Nc4
Qc3 41. Nxe3 Qd2+ 0-1

[Event "FB1 2122 SC Bad Königshofen 1957 - TuR"]
[Site "?"]
[Date "2022.05.26"]
[Round "3.3"]
[White "Radikovic, Anamarija"]
[Black "Savina, Anastasia"]
[Result "0-1"]
[WhiteElo "2133"]
[BlackElo "2348"]
[PlyCount "48"]
[EventDate "2022.??.??"]

1. e4 Nc6 2. Nf3 d6 3. h3 Nf6 4. Nc3 g6 5. d4 Bg7 6. Be3 O-O 7. Qd2 e5 8. d5
Ne7 9. Bh6 a6 10. g4 b5 11. Bd3 b4 12. Ne2 c6 13. Ng3 cxd5 14. Bxg7 Kxg7 15. g5
Nxe4 16. Bxe4 dxe4 17. Nxe4 Bb7 18. Qxb4 Rb8 19. O-O-O Bd5 20. Qc3 Bxe4 21.
Nxe5 Nd5 22. Rxd5 Qxg5+ 23. Kb1 dxe5 24. Rxe5 Qf6 0-1

[Event "FB1 2122 SC Bad Königshofen 1957 - TuR"]
[Site "?"]
[Date "2022.05.26"]
[Round "3.4"]
[White "Belenkaya, Dina"]
[Black "Adamowicz, Katarzyna"]
[Result "1-0"]
[WhiteElo "2254"]
[BlackElo "2108"]
[PlyCount "165"]
[EventDate "2022.??.??"]

1. e4 e5 2. Nf3 Nc6 3. d4 exd4 4. Nxd4 Nf6 5. Nxc6 bxc6 6. Nd2 g6 7. e5 Qe7 8.
Qe2 Nd5 9. Ne4 Bg7 10. f4 O-O 11. c4 Ba6 12. Qc2 Nb4 13. Qc3 d5 14. a3 dxe4 15.
axb4 Bc8 16. Be3 Rd8 17. Bc5 Qh4+ 18. g3 Qh5 19. h3 Bg4 20. Rh2 Bf3 21. Rd2 Qf5
22. Rxa7 Qc8 23. Ra5 Bf8 24. Bxf8 Rxf8 25. Qd4 Qb7 26. Qc5 Rad8 27. Ra7 Qc8 28.
Rxd8 Qxd8 29. Ra1 Qd7 30. Qe3 Rd8 31. Qc3 h5 32. c5 Qd4 33. Qxd4 Rxd4 34. b3 e3
35. Be2 Bd5 36. Rc1 Rxb4 37. Bc4 Bxc4 38. bxc4 Rb3 39. Ke2 Kf8 40. Rd1 Rc3 41.
Rd4 Ke7 42. g4 Ke6 43. Re4 h4 44. Rd4 g5 45. fxg5 Kxe5 46. Rd7 Kf4 47. Rxf7+
Kxg5 48. Rf5+ Kg6 49. Rh5 Rc2+ 50. Kxe3 Rc3+ 51. Kf4 Rxh3 52. Re5 Rc3 53. Re6+
Kf7 54. Rxc6 Rxc4+ 55. Kf5 h3 56. Rxc7+ Kg8 57. g5 Rh4 58. Kf6 Rf4+ 59. Kg6 h2
60. Rg7+ Kf8 61. Rh7 Rf2 62. Rh8+ Ke7 63. Rh3 Rc2 64. Kh7 Rxc5 65. g6 Kf6 66.
Rxh2 Rc7+ 67. Kh6 Rc3 68. Rf2+ Ke7 69. Kg7 Rg3 70. Re2+ Kd8 71. Re5 Kd7 72. Kf7
Rf3+ 73. Kg8 Kd6 74. Re4 Kd5 75. Re8 Kd6 76. g7 Ra3 77. Re4 Kd7 78. Kf7 Rf3+
79. Kg6 Rg3+ 80. Kf6 Kd8 81. Re5 Kd7 82. Rg5 Rf3+ 83. Kg6 1-0

[Event "FB1 2122 SC Bad Königshofen 1957 - TuR"]
[Site "?"]
[Date "2022.05.26"]
[Round "3.5"]
[White "Brandt, Carina"]
[Black "Gvanceladze, Anna"]
[Result "0-1"]
[WhiteElo "2061"]
[BlackElo "2203"]
[PlyCount "76"]
[EventDate "2022.??.??"]

1. e4 c6 2. d4 d5 3. Nd2 dxe4 4. Nxe4 Nf6 5. Nxf6+ exf6 6. Be3 Bd6 7. c3 Nd7 8.
Qc2 Nb6 9. Bd3 h5 10. O-O-O Nd5 11. Bd2 Be6 12. g3 b5 13. f4 Ne7 14. Nf3 Bxa2
15. Rde1 Bd5 16. Rhf1 Qa5 17. Nh4 Qa1+ 18. Qb1 Qxb1+ 19. Bxb1 g6 20. Rf2 Kd7
21. f5 g5 22. Ng2 Bb3 23. Rfe2 Nd5 24. Bd3 a5 25. Ne3 Nxe3 26. Rxe3 h4 27. Bf1
hxg3 28. hxg3 a4 29. Kb1 Rh2 30. R1e2 Rxe2 31. Bxe2 Rh8 32. Bc1 Rh1 33. c4 bxc4
34. d5 cxd5 35. Bf3 Rg1 36. Bxd5 Bxg3 37. Bxf7 Bf4 38. Rc3 Bd2 0-1

[Event "FB1 2122 SC Bad Königshofen 1957 - TuR"]
[Site "?"]
[Date "2022.05.26"]
[Round "3.6"]
[White "Gromova, Iulia"]
[Black "Koehler, Inken"]
[Result "0-1"]
[WhiteElo "2236"]
[BlackElo "2002"]
[PlyCount "170"]
[EventDate "2022.??.??"]

1. d4 d5 2. c4 e6 3. Nc3 Nf6 4. Bg5 Be7 5. e3 h6 6. Bh4 O-O 7. Nf3 Nbd7 8. Qc2
c5 9. Rd1 Qa5 10. cxd5 Nxd5 11. Bxe7 Nxe7 12. Bd3 cxd4 13. exd4 Nf6 14. O-O Nc6
15. a3 Rd8 16. Qe2 Qb6 17. Na4 Qc7 18. Rc1 Qf4 19. Qe3 Nd5 20. Qe4 f5 21. Qe2
Nxd4 22. Nxd4 Qxd4 23. Bc2 Bd7 24. Rfd1 Qf6 25. Nc5 b6 26. Nxd7 Rxd7 27. Ba4
Rd6 28. h3 Rad8 29. Bb3 Nf4 30. Qe3 Rxd1+ 31. Rxd1 Rxd1+ 32. Bxd1 Nd5 33. Qe2
Kh7 34. Qc2 Qe5 35. Bf3 Nf4 36. Qd2 Ng6 37. g3 Qc5 38. b4 Qc7 39. Kh2 Ne5 40.
Bg2 Nc4 41. Qc3 b5 42. a4 Qe5 43. Qxe5 Nxe5 44. axb5 Nd3 45. Bb7 Kg6 46. f4
Nxb4 47. Kg2 Nc2 48. Ba6 Kf6 49. g4 fxg4 50. hxg4 Ke7 51. Kf3 Kd6 52. Ke4 Nb4
53. Bc8 Nd5 54. f5 exf5+ 55. Bxf5 Nc3+ 56. Kf4 Nxb5 57. Bd3 Nd4 58. Ke4 Nc6 59.
Ba6 Nb4 60. Bc4 a5 61. Bb5 Nd5 62. Kf5 Ne7+ 63. Ke4 Ng6 64. Kf5 Ne5 65. Ba4 g6+
66. Kf6 g5 67. Kf5 Kd5 68. Bb3+ Kd4 69. Bd1 Nd3 70. Ba4 Nf2 71. Bd7 Ke3 72. Bc6
Nd3 73. Bb5 Nf4 74. Bc6 Kf2 75. Bd7 Kg3 76. Ke4 Nh3 77. Kd4 Nf2 78. Kc4 Nxg4
79. Kb5 h5 80. Kxa5 h4 81. Kb4 h3 82. Bc6 h2 83. Kc3 Ne3 84. Bh1 Kf2 85. Kd3 g4
0-1

[Event "FB1 2122 Rodewischer Schachmiezen - SV"]
[Site "?"]
[Date "2022.05.26"]
[Round "3.1"]
[White "Cyfka, Karina"]
[Black "Sliwicka, Alicja"]
[Result "1-0"]
[WhiteElo "2404"]
[BlackElo "2273"]
[PlyCount "119"]
[EventDate "2022.??.??"]

1. d4 Nf6 2. c4 g6 3. Nc3 d5 4. cxd5 Nxd5 5. Bd2 Nb6 6. Bf4 Bg7 7. e3 O-O 8.
Nf3 c5 9. dxc5 N6d7 10. Bc4 Nc6 11. O-O Qa5 12. Rc1 Nxc5 13. Qe2 Bf5 14. Rfd1
Ne6 15. Bg3 Rad8 16. Nh4 Rxd1+ 17. Qxd1 Rd8 18. Qe2 g5 19. Nxf5 Qxf5 20. Rd1
Nc5 21. Rxd8+ Nxd8 22. f3 Nc6 23. Qd2 h5 24. e4 Qg6 25. Bf2 b6 26. Nd5 e6 27.
Ne3 g4 28. b4 Nxe4 29. fxe4 Qxe4 30. a3 Bf6 31. Bf1 Ne5 32. Qc2 Qf4 33. Nc4 h4
34. Nxe5 Bxe5 35. g3 hxg3 36. hxg3 Qf3 37. Qd3 Qc6 38. Qd8+ Kh7 39. Qh4+ Kg8
40. Qg5+ Bg7 41. Qxg4 Qc3 42. a4 Kf8 43. Qc4 Ke7 44. a5 Qe5 45. axb6 axb6 46.
Qc6 Qg5 47. Qxb6 Be5 48. Bc5+ Kf6 49. Qd8+ Kg6 50. Qxg5+ Kxg5 51. Kg2 Bb8 52.
Bc4 Kf5 53. Kf3 Ke5 54. g4 Kf6 55. Be3 Kg6 56. Bf4 e5 57. Bd3+ Kf6 58. Be3 Ke7
59. Ke4 f6 60. Bc5+ 1-0